000 00224nam a22000857a 4500
008 160917b xxu||||| |||| 00| 0 eng d
100 _9649
_aKundra.D.N
245 _aSocial Science-6
260 _aNew Delhi
_bG.B.P. Publications
_c2011
999 _c3306
_d3306